000 00687nam a2200289Ia 4500
005 20260324143421.0
008 008 260324s9999 xx 000 0 eng d
020 _a9780203993514
037 _aEBOOK
040 _aCRL
040 _beng
040 _cCRL
041 _2eng
041 _aeng
084 _qCRL
100 _aSamih K. Farsoun; Mehrdad Mashayekhi
_91215555
245 0 _aIran
245 0 _bPolitical Culture in the Islamic Republic
260 _bTaylor and Francis
260 _c1992
365 _a
365 _b315
856 _uhttp://www.taylorfrancis.com/books/9780203993514
942 _cEBOOK
999 _c1820936
_d1820936